000 00648nam a2200229 a 4500
001 000020265
003 DO-SdBNP
005 20150715112736.0
008 100802s2000 dr a 001 0 spa d
020 _a9789701704097
040 _aBPJMB
_bspa
_cBPJMB
092 _axxxx
_bC357
245 0 0 _aAdministración y economía.
260 _aMéxico :
_bPearson Educación,
_c2000.
300 _a98 p. :
_bil. ;
_c27 cm.
490 1 _aCatálogo universitario
500 _aIncluye índices
830 0 _aCatálogo universitario
942 _2ddc
_cBK
956 _aBTAVAREZ
_b10
_c20100802
_lBND02
_h1514
956 _aBTAVAREZ
_b10
_c20100802
_lBND02
_h1526
999 _c7966
_d7966